2010s Movies #3 - Statistics

General Stats
  • This quiz has been taken 42 times
  • The average score is 9 of 16
Answer Stats
Picture Answer % Correct
Bohemian Rhapsody
84%
Green Book
78%
The Social Network
78%
Guardians of the Galaxy
76%
Once Upon a Time in Hollywood
73%
Parasite
70%
The Grand Budapest Hotel
62%
Inception
57%
Blackkklansman
38%
The Big Short
38%
The Fighter
38%
Blade Runner 2049
35%
Prisoners
35%
Three Billboards Outside Ebbing, Missouri
35%
Nightcrawler
32%
Room
22%
No matching quizzes found
Score Distribution
Percent of People with Each Score
Percentile by Number Answered
Your Score History
You have not taken this quiz